Statistics for Famous Physicists by Picture #1

Click here to take the quiz!

General Stats

  • This quiz has been taken 91 times
  • The average score is 9 of 16

Answer Stats

Answer% Correct
Albert Einstein
98%
Isaac Newton
96%
Stephen Hawking
91%
Marie Curie
89%
Galileo Galilei
85%
Niels Bohr
65%
Richard Feynman
60%
Erwin Schrödinger
58%
Max Planck
49%
Ernest Rutherford
42%
Paul Dirac
40%
James Clerk Maxwell
35%
Michael Faraday
35%
Enrico Fermi
29%
Werner Heisenberg
24%
J.J Thomson
16%

Score Distribution

Percentile by Number Answered

Percent of People with Each Score

Your Score History

You have not taken this quiz